000 00892nam a2200325 a 4500
003 AR-BaBNM
005 20251128210522.0
008 082120s2002 ||||||||||||||000 | spa||
020 _a84-86587-76-X
040 _cAR-BaBNM
100 1 _aBécquer, Gustavo Adolfo
245 0 0 _aGustavo Adolfo Bécquer para niños
250 _a2ª ed.
260 _aMadrid
_bEdiciones de la Torre
_c1998
300 _a123 p.
_bil.
490 0 _aAlba y mayo. Poesía
_vv. 25
500 _aContiene referencias bibliográficas
650 4 _aPOESIA
650 4 _aLITERATURA INFANTIL
650 4 _aLIBROS PARA NIÑOS
650 4 _aLITERATURA POPULAR
650 4 _aTRADICION ORAL
650 4 _aROMANTICISMO
650 4 _aLITERATURA ESPAÑOLA
655 _aLITERATURA
700 1 _aCabra, María Dolores
_eeditor
700 1 _aGonzález, Luis
_eilustrador
942 _cBK
998 _cMARTIN
999 _c15783
_d15783